000 00581aam a2200217 4500
005 20170407145802.0
008 150302b xxu||||| |||| 00| 0 ES d
020 _a9701004485
041 _aspa
082 _a652.1 R788e
100 _aRosado, Mary
_9746
245 _aEscritura rápida: Diccionario de abreviaturas
260 _aMéxico
_bMcGraw-Hill
_c1994
300 _a98 páginas
650 _aESCRITURA RÁPIDA
_9747
650 _aABREVIATURAS
_9748
650 _aESCRITURA POR SONIDOS
_9749
650 _aSÍLABAS
_9750
650 _aFORMAS VERBALES
_9751
942 _cBK
999 _c8807
_d8807